| 000 | 01217naa a22003497a 4500 | ||
|---|---|---|---|
| 001 | BR9002399 | ||
| 003 | BR-BrBNA | ||
| 005 | 20240918180634.0 | ||
| 007 | ta | ||
| 008 | 230509b bl.||||| |||| 00| 0 por d | ||
| 040 |
_aBR-BrBNA _bpor _cBiblioteca Nacional de Agricultura |
||
| 041 | _a(Pt) | ||
| 072 |
_aL73 _b8520 _b4110 _bG514 |
||
| 090 | _aL73 BR9002399 | ||
| 100 | 1 | _aGuimaraes, N.D. | |
| 100 | 1 | _aSilveira, W. | |
| 100 | 1 | _aSobrinho, R.N. | |
| 100 | 1 | _aRodrigues, M.N. | |
| 111 | 1 |
_a5. Encontro Nacional de Ranicultura _cPorto Alegre, RS (Brazil) _dSep 1986 |
|
| 245 | 1 | _aEstudo microbiologico de ras doentes dos ranarios de Goias e Distrito Federal | |
| 260 | 3 |
_aRio de Janeiro, RJ (Brasil): _c1988. |
|
| 500 | _a6. Encontro Nacional de Ranicultura. Anais e coletanea 5. ENAR Rio de Janeiro, RJ (Brasil): 1988. p. 83-93 (BR9002399-AM)L73 | ||
| 650 | _aRA | ||
| 650 | _aDOENCA ANIMAL | ||
| 650 | _aBACTERIA | ||
| 650 | _aPROFILAXIA | ||
| 650 | _aGOIAS | ||
| 650 | _aDISTRITO FEDERAL | ||
| 773 | 0 |
_t6. Encontro Nacional de Ranicultura. Anais e coletanea 5. ENAR _wL73 BR9002399 _gRio de Janeiro, RJ (Brasil), 1988. p. 83-93 |
|
| 909 |
_a202404 _bLucia _c55 _dLucia Elande |
||
| 942 |
_cAM _2AGRIS |
||
| 999 |
_c321440 _d321440 |
||